000 00698nam a2200217Ia 4500
003 IN-BaIIA
008 211028s9999 xx 000 0 eng d
020 _a81-85015-63-5
040 _cIIA Library
080 _a53
_bSEA
245 0 _aUniversity physics
_cedited by Francis W. Sears, Mark W. Zemansky and Hugh D. Young
250 _a6th ed.
260 _aNew Delhi,
_bNarosa Publishing House
_c1993
300 _axv, 929p.
650 _aAstronomy and astrophysics thesaurus
650 _aPhysics
_973
700 _aSears, Francis W., ed.
_918743
700 _aYoung, Hugh D., ed.
_918744
700 _aZemansky, Mark W., ed.
_918745
942 _cBK
999 _c10970
_d10970